Fra Angelico da Fiesole des Meisters Gemälde (Record no. 5157)

MARC details
000 -CABECERA
campo de control de longitud fija 00887nam a2200265 a 4500
001 - NÚMERO DE CONTROL
campo de control BRCA_5463
005 - FECHA Y HORA DE LA ÚLTIMA TRANSACCIÓN
campo de control 20190320205105.0
008 - DATOS DE LONGITUD FIJA--INFORMACIÓN GENERAL
campo de control de longitud fija 751125s1913####gw-ac#c###---#000-0#ger-#
041 ## - CÓDIGO DE LENGUA
Código de lengua del texto/banda sonora o título independiente ger
044 ## - CÓDIGO DEL PAÍS DE LA ENTIDAD EDITORA/PRODUCTORA
Código MARC del país gw
050 #4 - SIGNATURA TOPOGRÁFICA DE LA BIBLIOTECA DEL CONGRESO
Número de clasificación ND623.F5
Número de documento/Ítem .F54 1911
245 10 - MENCIÓN DE TÍTULO
Título Fra Angelico da Fiesole des Meisters Gemälde
Resto del título in 327 abbildungen
Mención de responsabilidad, etc. herausgegeben von Frida Schottmüller.
260 ## - PUBLICACIÓN, DISTRIBUCIÓN, ETC.
Lugar de publicación, distribución, etc. Stuttgard, Alemania
Nombre del editor, distribuidor, etc. Deutsche Verlags-Anstalt
Fecha de publicación, distribución, etc. 1911
300 ## - DESCRIPCIÓN FÍSICA
Extensión xxxviii, 249 p.
Otras características físicas il., 249 p. de láminas
Dimensiones 25 cm.
440 #0 - MENCIÓN DE SERIE/PUNTO DE ACCESO ADICIONAL--TÍTULO
Título Klassiker der Kunst: in gesamtausgaben
Designación de volumen o secuencia 18
9 (RLIN) 13956
500 ## - NOTA GENERAL
Nota general Estado físico: Esquinas deterioradas
500 ## - NOTA GENERAL
Nota general En 327 imagenes
500 ## - NOTA GENERAL
Nota general M43
600 14 - PUNTO DE ACCESO ADICIONAL DE MATERIA--NOMBRE DE PERSONA
Nombre de persona Fiesole, Fra Angelico Da
Fechas asociadas al nombre 1400-1455
9 (RLIN) 13957
650 14 - PUNTO DE ACCESO ADICIONAL DE MATERIA--TÉRMINO DE MATERIA
Término de materia o nombre geográfico como elemento de entrada Pintores italianos
9 (RLIN) 7654
650 14 - PUNTO DE ACCESO ADICIONAL DE MATERIA--TÉRMINO DE MATERIA
Término de materia o nombre geográfico como elemento de entrada pinturas italianas
9 (RLIN) 12941
700 1# - PUNTO DE ACCESO ADICIONAL--NOMBRE DE PERSONA
Nombre de persona Scottmüller, Frida
9 (RLIN) 13958
902 ## - CATALOGADOR
Iniciales GFM
942 ## - ELEMENTOS DE PUNTO DE ACCESO ADICIONAL (KOHA)
Fuente del sistema de clasificación o colocación Library of Congress Classification
Tipo de ítem Koha Libros
Holdings
Estado de retiro Estado de pérdida Estado dañado No para préstamo Localización permanente Ubicación/localización actual Fecha de adquisición Número de inventario Total de préstamos Signatura topográfica completa Código de barras Fecha visto por última vez Precio válido a partir de Tipo de ítem Koha
El ejemplar forma parte de la colección y puede ser consultado según las políticas vigentes.       Biblioteca del Museo Franz Mayer (Rogerio Casas-Alatriste) Biblioteca del Museo Franz Mayer (Rogerio Casas-Alatriste) 23/12/2010 M43   ND623.F5 .F54 1911 (M43) 5898 22/03/2019 22/03/2019 Libros